| 000 -ლიდერი |
| ფიქსირებული სიგრძის საკონტროლო ველი |
02503nam a2200361Ia 4500 |
| 001 - საკონტროლო ნომერი |
| საკონტროლო ველი |
21187 |
| 003 - საკონტროლო ნომრის იდენტიფიკატორი |
| საკონტროლო ველი |
GE_BSU |
| 005 - ბოლო ოპერაციის თარიღი და დრო |
| საკონტროლო ველი |
20210719174314.0 |
| 008 - ფიქსირებული სიგრძის მონაცემთა ელემენტები - ზოგადი ინფორმაცია |
| ფიქსირებული სიგრძის საკონტროლო ველი |
181216s ||||ge |||||||||||||| ||geo|| |
| 020 ## - წიგნის საერთაშორისო სტანდარტული ნომერი |
| International Standard Book Number |
9789941131226 |
| 040 ## - კატალოგიზაციის წყარო |
| Transcribing agency |
GE_BSU |
| 041 ## - ენის კოდი |
| Language code of text/sound track or separate title |
geo |
| 080 ## - უნივერსალური ათობითი კლასიფიკაციის ინდექსი |
| Universal Decimal Classification number |
338.22 მ-63 |
| 245 ## - ცნობა სათაურის შესახებ |
| Title |
მეწარმეობის თეორიული საფუძვლები ნაწ.1-2 = Fundamentals of entrepreneurship : |
| Remainder of title |
დამხმ. სახელმძღვ. ნაწ.1-2 / |
| Statement of responsibility, etc |
ჯოზეფ ჰასიდი, ალექსის-სტეფანოს კომსელისი, რევაზ გველესიანი, ელგუჯა მექვაბიშვილი, გაგნიძე ინეზა, ლეკვეიშვილი ეკა, ნაცვალაძე მარინა ; რედ. : რევაზ გველესიანი, ჯამლეტ ჯანჯღავა. |
| 264 ## - წარმოების, გამოცემის, დისტრიბუციის და სხვა ცნობები |
| გამოცემის, წარმოების, დისტრიბუციის... ადგილი |
თბილისი : |
| გამოცემის, წარმოების, დისტრიბუციის... სახელწოდება |
თბილისის უნივერსიტეტის გამ-ბა, |
| გამოცემის, წარმოების, დისტრიბუციის... თარიღი |
2009. |
| 300 ## - ფიზიკური აღწერა |
| Extent |
159 გვ. : |
| Other physical details |
4 ფოტო პორტ. ; |
| Dimensions |
20 სმ. |
| 504 ## - BIBLIOGRAPHY, ETC. NOTE |
| Bibliography, etc |
ბიბლიოგრაფია გვ. 152 |
| 653 ## - INDEX TERM--UNCONTROLLED |
| Uncontrolled term |
ეკონომიკა |
| 653 ## - INDEX TERM--UNCONTROLLED |
| Uncontrolled term |
მეწარმეობა |
| 653 ## - INDEX TERM--UNCONTROLLED |
| Uncontrolled term |
ბიზნესი |
| 700 ## - ADDED ENTRY--PERSONAL NAME |
| Personal name |
ჰასიდი, ჯოზეფ |
| Relator term |
ავტორი |
| 9 (RLIN) |
12284 |
| 700 ## - ADDED ENTRY--PERSONAL NAME |
| Personal name |
კომსელისი, ალექსის-სტეფანოს |
| Relator term |
ავტორი |
| 9 (RLIN) |
12285 |
| 700 ## - ADDED ENTRY--PERSONAL NAME |
| Personal name |
გველესიანი, რევაზ |
| Relator term |
ავტორი |
| 9 (RLIN) |
3195 |
| 700 ## - ADDED ENTRY--PERSONAL NAME |
| Personal name |
მექვაბიშვილი, ელგუჯა |
| Relator term |
ავტორი |
| 9 (RLIN) |
12286 |
| 700 ## - ADDED ENTRY--PERSONAL NAME |
| Personal name |
გაგნიძე, ინეზა |
| Relator term |
ავტორი |
| 9 (RLIN) |
12287 |
| 700 ## - ADDED ENTRY--PERSONAL NAME |
| Personal name |
ლეკვეიშვილი, ეკა |
| Relator term |
ავტორი |
| 9 (RLIN) |
12288 |
| 700 ## - ADDED ENTRY--PERSONAL NAME |
| Personal name |
ნაცვალაძე, მარინა |
| Relator term |
ავტორი |
| 9 (RLIN) |
12289 |
| 700 ## - ADDED ENTRY--PERSONAL NAME |
| Personal name |
გველესიანი, რევაზ |
| Relator term |
რედაქტორი |
| 9 (RLIN) |
3195 |
| 700 ## - ADDED ENTRY--PERSONAL NAME |
| Personal name |
ჯანჯღავა, ჯამლეტ |
| Relator term |
რედაქტორი |
| 9 (RLIN) |
12290 |
| 710 ## - ADDED ENTRY--CORPORATE NAME |
| Corporate name or jurisdiction name as entry element |
ივანე ჯავახიშვილის სახელობის თბილისის სახელმწიფო უნივერსიტეტი.ტი |
| 9 (RLIN) |
10231 |
| 942 ## - ADDED ENTRY ELEMENTS (KOHA) |
| Koha item type |
წიგნი |
| Source of classification or shelving scheme |
|